Statistics for September 9th: Birthdays

Click here to take the quiz!

General Stats

  • This quiz has been taken 5 times
  • The average score is 4 of 11

Answer Stats

YearClueAnswer% Correct
1966Actor in Happy GilmoreAdam Sandler
100%
1890Founder of KFCColonel Sanders
80%
1941Artist of Sittin' On the Dock of the BayOtis Redding
80%
1960Actor in Bridget Jones' DiaryHugh Grant
60%
1828Wrote War and PeaceLeo Tolstoy
60%
1754Mutinied against on HMS BountyWilliam Bligh
40%
214Roman EmperorAurelian
0%
1923Actor in Spider-ManCliff Robertson
0%
1853Known as The DemonFred Spofforth
0%
1985Captain of Croatia in Football/SoccerLuka Modrić
0%
1980Actress in Dawson's CreekMichelle Williams
0%

Score Distribution

Percentile by Number Answered

Percent of People with Each Score

Your Score History

You have not taken this quiz